[Event "Azores op 4th"]
[Site "Ponta Delgada"]
[Date "2017.12.10"]
[Round "6"]
[White "Bettani, Domenico Francesco"]
[Black "Soares, Matilde PMB"]
[Result "1-0"]
[WhiteElo "1240"]
[BlackElo "1091"]
[PlyCount "97"]
[EventDate "2017.12.07"]
[EventType "swiss"]
[EventRounds "7"]
[EventCountry "POR"]
[SourceTitle "CBM 182 Extra"]
[Source "ChessBase"]
[SourceDate "2018.02.23"]
[SourceVersion "1"]
[SourceVersionDate "2018.02.23"]
[SourceQuality "1"]

1. d4 d5 2. g3 e6 3. Bg2 Nf6 4. Nf3 Be7 5. Nc3 c6 6. 0-0 0-0 7. Re1 Nbd7 8. e4 dxe4 9. Nxe4 c5 10. c3 b6 11. Nxf6+ Bxf6 12. Ne5 Bxe5 13. Bxa8 cxd4 14. cxd4 Bd6 15. Bg2 Qf6 16. Be3 Bb4 17. Re2 e5 18. a3 Bd6 19. Rc1 exd4 20. Bxd4 Ne5 21. Rec2 Bg4 22. f3 Bxf3 23. Qf1 Bxg2 24. Qxf6 gxf6 25. Bxe5 fxe5 26. Kxg2 Kg7 27. Rc8 Rxc8 28. Rxc8 Bc5 29. Kf3 f5 30. Rc7+ Kg6 31. Rxa7 h5 32. h4 Bd4 33. b4 Bb2 34. a4 Bc1 35. Ra6 e4+ 36. Kg2 f4 37. Rxb6+ Kf5 38. Rb5+ Kg6 39. gxf4 Bxf4 40. a5 e3 41. Kf1 Bg3 42. Rg5+ Kh6 43. Rxg3 e2+ 44. Kxe2 Kh7 45. a6 Kh6 46. a7 Kh7 47. a8Q Kh6 48. Qf8+ Kh7 49. Qg7# 1-0

[Event "Azores op 4th"]
[Site "Ponta Delgada"]
[Date "2017.12.09"]
[Round "4"]
[White "Rego, Joao Rui Farias Soa"]
[Black "Bettani, Domenico Francesco"]
[Result "1-0"]
[WhiteElo "1618"]
[BlackElo "1240"]
[PlyCount "33"]
[EventDate "2017.12.07"]
[EventType "swiss"]
[EventRounds "7"]
[EventCountry "POR"]
[SourceTitle "CBM 182 Extra"]
[Source "ChessBase"]
[SourceDate "2018.02.23"]
[SourceVersion "1"]
[SourceVersionDate "2018.02.23"]
[SourceQuality "1"]

1. e4 c5 2. Nf3 d6 3. d4 cxd4 4. Nxd4 a6 5. Nc3 e5 6. Nb3 Be7 7. Nd5 Nf6 8. Nxe7 Qxe7 9. Bg5 0-0 10. Qd2 Nbd7 11. 0-0-0 Nxe4 12. Bxe7 Nxd2 13. Nxd2 Re8 14. Bxd6 b5 15. Ne4 Re6 16. Nc5 Ra7 17. Nxe6 1-0